| 000 | 01187nam2a22002411 4500 | ||
|---|---|---|---|
| 001 | rc\860185 | ||
| 005 | 20250622102810.0 | ||
| 035 | _a(NLR Aleph) 006239379 | ||
| 090 |
_a6652495 _c6652495 |
||
| 100 | _a20041129d1984 |||y0rusy50 ca | ||
| 101 | 0 | _arus | |
| 102 | _aRU | ||
| 105 | _ay ||||||||| | ||
| 200 | 0 | _a... за 9 месяцев 1984 года | |
| 210 |
_d1984 _aБ. м. |
||
| 215 | _a83 л. | ||
| 333 | _aДСП. Экз. № 00005 | ||
| 461 | 0 |
_1001rc\860184 _12001#$aПоказатели производственно-снабженческой деятельности объединения "Россельхозхимия"...$f...План.-экон. упр.$v... за 9 месяцев 1984 года _96652487 _a"Россельхозхимия", произв.-науч. об-ние (Москва) _cМ. _d1984 _f...План.-экон. упр. _nБ. и. _tПоказатели производственно-снабженческой деятельности объединения "Россельхозхимия"... _v... за 9 месяцев 1984 года |
|
| 801 | 0 |
_aRU _bNLR _gpsbo |
|
| 801 | 1 |
_aRU _bELAR _2rusmarc |
|
| 852 |
_aNLR _j84-50К/8983 |
||
| 942 | _cBOOK | ||
| 980 | _aNB | ||